ՀՀ Գիտությունների ազգային ակադեմիայի հիմնարար գիտական գրադարան  =   Fundamental Scientific Library of NAS RA

Записки о Шерлоке Холмсе : (Record no. 119756)

MARC details
000 -LEADER
fixed length control field 01145nam a2200217 u 4500
001 - CONTROL NUMBER
control field 000321992
003 - CONTROL NUMBER IDENTIFIER
control field AM-YeHGA
005 - DATE AND TIME OF LATEST TRANSACTION
control field 20250618072034.0
008 - FIXED-LENGTH DATA ELEMENTS--GENERAL INFORMATION
fixed length control field 040326s1991 ||| r 000 0 rus d
020 ## - INTERNATIONAL STANDARD BOOK NUMBER
International Standard Book Number 5742404174
040 ## - CATALOGING SOURCE
Original cataloging agency AM-YeHGA
041 1# - LANGUAGE CODE
Language code of text/sound track or separate title rus
Language code of original eng
090 ## - LOCALLY ASSIGNED LC-TYPE CALL NUMBER (OCLC); LOCAL CALL NUMBER (RLIN)
-- 121107
100 1# - MAIN ENTRY--PERSONAL NAME
Personal name Դոյլ, Արթուր Կոնան,
Dates associated with a name 1859-1930
9 (RLIN) 46
245 10 - TITLE STATEMENT
Title Записки о Шерлоке Холмсе :
Remainder of title Повесть и рассказы : Пер. с англ. /
Statement of responsibility, etc. Артур Конан Дойл.
250 ## - EDITION STATEMENT
Edition statement Переизд.
260 ## - PUBLICATION, DISTRIBUTION, ETC.
Place of publication, distribution, etc. Иркутск :
Name of publisher, distributor, etc. СП "Илим",
Date of publication, distribution, etc. 1991.
300 ## - PHYSICAL DESCRIPTION
Extent 560 c.
505 1# - FORMATTED CONTENTS NOTE
Formatted contents note Собака Баскервилей: Повесть; Рассказы: Союз рыжих; Тайна Боскомской долины; Скандал в Богемии; Пять зернышек апельсина; Человек с рассеченной губой; Голубой карбункул; Пестрая лента; Обряд дома Месгрейвов; Последнее дело Холмса, и др.
653 0# - INDEX TERM--UNCONTROLLED
Uncontrolled term Детективные повести и рассказы (х. л.)
Holdings
Withdrawn status Lost status Damaged status Not for loan Collection Home library Current library Date acquired Total checkouts Full call number Barcode Date last seen Price effective from Koha item type Public note
        General Fundamental Scientific Library Fundamental Scientific Library 22/12/2016   820 120633401 22/12/2016 22/12/2016 Գրքեր / Books 30 Days Loan


ՀՀ ԳԱԱ հիմնարար գիտական գրադարան
ՀՀ,Երևան 0019
Մարշալ Բաղրամյան 24/6
հեռախոս:(374-10) 52-47-50
Հետադարձ կապ

All site content, except where otherwise noted, is licensed under a
Creative Commons License